Dietro il velo /

Gardado en:
Detalles Bibliográficos
Autor Principal: Sasson, Jean P. (Author)
Outros autores: Sgorbati Buosi, Laura (Translator)
Formato: Libro
Idioma:Lingua italiana
Publicado: Milano : Edizione Club, 1993
Subjects:
Tags: Engadir etiqueta
Sen Etiquetas, Sexa o primeiro en etiquetar este rexistro!

MARC

LEADER 00000nam a22000007i 4500
001 IT\ICCU\TO0\0349653
003 ItRI
005 20260115232313.0
008 951106s1993 it |||||| ||||| |||||c
040 |b ita  |c importazione bologna sebina 
041 7 |a ita  |2 ISO-639-2 
100 1 |a Sasson, Jean P.  |0 IT\ICCU\LO1V\130360  |4 aut 
240 1 0 |a Princess.  |3 IT\ICCU\LO1\0301487  |9 Sasson, Jean P. 
245 1 0 |a Dietro il velo /  |c Jean P. Sasson. 
260 |a Milano :  |b Edizione Club,  |c 1993 
300 |a 192 p., [4] carte di tav. :  |b ill. ;  |c 23 cm 
500 |a Traduzione di Laura Sgorbati Buosi 
650 7 |a Donna  |x Posizione sociale  |x Arabia Saudita  |x Diari e memorie  |2 scbi 
700 1 |a Sgorbati Buosi, Laura  |0 IT\ICCU\CFIV\074213  |4 trl 
790 1 |a Sasson, Jean  |3 IT\ICCU\CFIV\273482  |z Sasson, Jean P. 
942 |2 ddc  |c BK  |n 0 
952 |0 0  |1 0  |4 0  |6 DOC_305_420000000000000_SAS  |7 0  |9 23876  |a BO  |b BO  |d 2026-01-15  |i 8515  |l 0  |o DOC 305.420 SAS  |p BO8515  |r 2026-01-15 23:23:13  |w 2026-01-15  |x [Sebina 5] [1 v.]  |y BK  |z 1 v. 
999 |c 20336  |d 20336